00584 2200217 4500001002100000005001500021035002000036007000300056008004100059020001800100082001000118084001600128100002200144245004200166250001100208260003700219300003500256650002800291520003100319990001600350INLIS00000000000188620180413085410 a0010-0418000043ta180413 g 0 ind  a979-3655-20-8 a306.4 a306.4 SUS t0 aSUSAN, Greenfield1 aTomorrow's People /cSusan Greenfield acet. 1 aYogyakarta :bSuluh Press,c2005 axii; 388 hlm ;c15,5 x 23,5 cm aTEKNOLOGI DAN PERADABAN aBIBLIOGRAFI: hlm 379 - 383 a10288 15439